[Event "Duisburg Grossenbaum op"]
[Site "Duisburg"]
[Date "2006.06.11"]
[Round "7"]
[White "Otto, Michael"]
[Black "Schlueter, Christoph"]
[Result "1-0"]
[WhiteElo "1986"]
[BlackElo "2157"]
[PlyCount "63"]
[EventDate "2006.06.02"]
[EventType "swiss"]
[EventRounds "7"]
[EventCountry "GER"]
[SourceTitle "EXT 2007"]
[Source "ChessBase"]
[SourceDate "2006.11.23"]
[SourceVersion "1"]
[SourceVersionDate "2006.11.23"]
[SourceQuality "1"]

1. e4 c5 2. Nf3 e6 3. d4 cxd4 4. Nxd4 a6 5. Bd3 Nf6 6. 0-0 d6 7. c3 Be7 8. Be3 Qc7 9. f4 Nc6 10. Nd2 0-0 11. N4b3 Rd8 12. g4 e5 13. f5 d5 14. g5 Nxe4 15. Bxe4 dxe4 16. f6 Bf8 17. fxg7 Bxg7 18. Qh5 Rd3 19. Nxe4 Rxe3 20. Nf6+ Kf8 21. Qxh7 Bxf6 22. gxf6 Rh3 23. Qg7+ Ke8 24. Qg8+ Kd7 25. Qxf7+ Kd6 26. Qf8+ Ke6 27. Nc5+ Kd5 28. c4+ Kxc4 29. Rac1+ Kb5 30. Nxb7 Kb6 31. Nd8 Bd7 32. Qc5# 1-0

[Event "Duisburg Grossenbaum op"]
[Site "Duisburg"]
[Date "2006.06.03"]
[Round "2"]
[White "Otto, Michael"]
[Black "Harff, Wilfried"]
[Result "0-1"]
[WhiteElo "1986"]
[BlackElo "2232"]
[PlyCount "84"]
[EventDate "2006.06.02"]
[EventType "swiss"]
[EventRounds "7"]
[EventCountry "GER"]
[SourceTitle "EXT 2007"]
[Source "ChessBase"]
[SourceDate "2006.11.23"]
[SourceVersion "1"]
[SourceVersionDate "2006.11.23"]
[SourceQuality "1"]

1. e4 e6 2. d4 d5 3. Nc3 Bb4 4. e5 c5 5. a3 Bxc3+ 6. bxc3 Qc7 7. Nf3 Nc6 8. Bd2 f6 9. Bb5 Bd7 10. Bxc6 Bxc6 11. 0-0 0-0-0 12. Re1 Bd7 13. dxc5 Qxc5 14. Be3 Qa5 15. Qd4 Kb8 16. c4 Bc8 17. c5 f5 18. Reb1 Ne7 19. Qb2 Nc6 20. Ng5 Qc7 21. f4 Na5 22. Bf2 h6 23. Nf3 Rhg8 24. Nd4 a6 25. Qc3 Nc4 26. c6 b6 27. Qb4 Rde8 28. Qa4 Ka8 29. Rb4 Re7 30. Rab1 Qa7 31. Rxc4 dxc4 32. Qxc4 Rd8 33. Qb4 Rd5 34. a4 Rc7 35. Nxf5 exf5 36. Bxb6 Qb8 37. a5 Rxc6 38. Qe1 Rxc2 39. h3 Rdd2 40. Bf2 Rb2 41. Rxb2 Qxb2 42. e6 Rxf2 0-1

[Event "Duisburg Grossenbaum op"]
[Site "Duisburg"]
[Date "2006.06.02"]
[Round "1"]
[White "Fichtner, Ewald"]
[Black "Otto, Michael"]
[Result "0-1"]
[WhiteElo "1442"]
[BlackElo "1986"]
[PlyCount "63"]
[EventDate "2006.06.02"]
[EventType "swiss"]
[EventRounds "7"]
[EventCountry "GER"]
[SourceTitle "EXT 2007"]
[Source "ChessBase"]
[SourceDate "2006.11.23"]
[SourceVersion "1"]
[SourceVersionDate "2006.11.23"]
[SourceQuality "1"]

1. c4 c5 2. Nc3 Nc6 3. g3 Nf6 4. Bg2 g6 5. e3 Bg7 6. Nge2 0-0 7. 0-0 Rb8 8. a3 d6 9. d4 a6 10. Rb1 cxd4 11. exd4 Bf5 12. Ra1 Na5 13. Qa4 Qc7 14. c5 dxc5 15. Bf4 Qd7 16. Qxd7 Nxd7 17. Bxb8 cxd4 18. Nd5 Bd3 19. Nxe7+ Kh8 20. Rfc1 Rxb8 21. Rd1 Bc2 22. Rd2 d3 23. Bd5 Bxb2 24. Bxf7 Kg7 25. Ra2 Ne5 26. Kg2 Bxa3 27. Nd5 Nec4 28. Rdxc2 dxc2 29. Ra1 Bb2 30. Ra2 b5 31. Rxa5 Rb7 32. Ra2 0-1

[Event "Dortmund op-A"]
[Site "Dortmund"]
[Date "2004.07.30"]
[Round "8"]
[White "Krug, Kevin"]
[Black "Otto, Michael"]
[Result "1-0"]
[WhiteElo "2066"]
[BlackElo "1761"]
[PlyCount "37"]
[EventDate "2004.07.??"]
[EventType "swiss"]
[EventRounds "9"]
[EventCountry "GER"]
[SourceTitle "EXT 2006"]
[Source "ChessBase"]
[SourceDate "2005.11.24"]
[SourceVersion "1"]
[SourceVersionDate "2005.11.24"]
[SourceQuality "1"]

1. e4 c5 2. Nf3 a6 3. c3 b5 4. d4 e6 5. Bd3 Bb7 6. Qe2 cxd4 7. cxd4 Bb4+ 8. Nbd2 Ne7 9. 0-0 0-0 10. e5 Nd5 11. Ne4 Nc6 12. Nfg5 h6 13. Qh5 Qe8 14. Nf6+ Nxf6 15. exf6 Nxd4 16. Nh7 Nf5 17. Bxf5 exf5 18. fxg7 Qe4 19. Nf6+ 1-0

[Event "Dortmund op-A"]
[Site "Dortmund"]
[Date "2004.07.29"]
[Round "7"]
[White "Otto, Michael"]
[Black "Manthei, Michael"]
[Result "1-0"]
[WhiteElo "1761"]
[BlackElo "2054"]
[PlyCount "59"]
[EventDate "2004.07.??"]
[EventType "swiss"]
[EventRounds "9"]
[EventCountry "GER"]
[SourceTitle "EXT 2006"]
[Source "ChessBase"]
[SourceDate "2005.11.24"]
[SourceVersion "1"]
[SourceVersionDate "2005.11.24"]
[SourceQuality "1"]

1. e4 b6 2. d4 Bb7 3. Nc3 e6 4. a3 g6 5. Be3 Bg7 6. Bd3 a6 7. Qd2 d6 8. Nge2 Nd7 9. f3 h6 10. Ng3 Rc8 11. Nce2 c5 12. c3 c4 13. Bc2 Ne7 14. f4 f5 15. d5 fxe4 16. dxe6 Nf6 17. Qd4 0-0 18. Qxb6 Qxb6 19. Bxb6 d5 20. Be3 Ng4 21. Kd2 Rc6 22. Ba4 Rcc8 23. Bd7 Ra8 24. Bc5 Bf6 25. Nf1 h5 26. h3 Nh6 27. Ne3 Nhf5 28. Nxf5 gxf5 29. Ng3 h4 30. Nh5 1-0